Представление документа в формате RUSMARC

ПолеНазваниеЗначение
  Тип записи a
  Библиографический уровень c
001 Контрольный номер RU/ГПНТБ России/KNIGADB/Ш6(2=Р)7/М 333-569115782
005 Дата корректировки 20201221142600.0
010 Индекс ISBN __
a ISBN 978-5-17-108748-7
d Цена 232-10, 3500 экз.
100 Данные общей обработки __
a Данные общей обработки 19201029d2018 |||y0rusy0189 ca
101 Язык документа 0_
a Язык текста rus
102 Страна публикации __
a Страна публикации RU
102 Страна публикации __
a Страна публикации RU
105 Кодированные данные (монография) __
a Кодированные данные (монография) #|||||||000zy
200 Заглавие и сведения об ответственности 1_
a Заглавие Горожане
e Сведения, относящиеся к заглавию удивительные истории из жизни людей города Е. : рассказы
f Первые сведения об ответственности Анна Матвеева
203 Вид содержания и тип средства __
a Вид содержания Текст
c Тип средства непосредственный
210 Выходные данные __
a Место издания Москва
c Издательство Редакция Елены Шубиной
c Издательство АСТ
d Дата издания 2018
215 Физическое описание __
a Объем 347, [2] с.
d Формат 17 см
225 Серия __
a Серия Эксклюзивная новая классика
300 Общие примечания __
a Общие примечания На обложке: Финалист премий "Национальный бестселлер" и "Большая книга"
327 Примечание о содержании __
a Примечание о содержании Смех Мельпомены
327 Примечание о содержании __
a Примечание о содержании Имя на камне
327 Примечание о содержании __
a Примечание о содержании Партия в поддавки
327 Примечание о содержании __
a Примечание о содержании Дорога в небо
327 Примечание о содержании __
a Примечание о содержании Дом, который...
327 Примечание о содержании __
a Примечание о содержании Тысяча мелочей
327 Примечание о содержании __
a Примечание о содержании Веселый бог работы
327 Примечание о содержании __
a Примечание о содержании Глория Мунди
327 Примечание о содержании __
a Примечание о содержании Как сменить пластинку
330 Аннотация __
a Аннотация Книга «ГОРОЖАНЕ» - это девять новелл, восемнадцать героев. Один необычный город глазами Анны Матвеевой: лицом к лицу. Здесь живет драматург с мировым именем Николай Коляда, родился великий скульптор Эрнст Неизвестный, встретились когда-то и подружились опальный маршал Жуков и знаменитый уральский сказочник Бажов. Владимир Шахрин - еще не ставший лидером легендарной группы «Чайф» - меняет пластинки на барахолке, Евгений Ройзман - будущий мэр - читает классиков в тюремной камере; на улицах эпатирует публику старик Букашкин - незабываемое лицо города. Еще стоит нерушимо Ипатьевский дом - место казни императорской семьи, а будущий хозяин города Борис Ельцин - пока только студент. Новая книга Анны Матвеевой о всех них - людях, домах, историях города Е. Парные портреты ярких личностей соединяют дальние века и рифмуются судьбами.
333 Примечание о целевом назначении __
a Примечание о целевом назначении 16+. Для детей старше 16 лет
517 Другие варианты заглавия __
a Другие варианты заглавия удивительные истории из жизни людей города Е.
606 Тематические рубрики __
a Основная рубрика Художественная литература
606 Тематические рубрики __
a Основная рубрика Современная русская литература (произведения)
610 Ключевые слова __
a Ключевые слова рассказы
610 Ключевые слова __
a Ключевые слова городская проза
610 Ключевые слова __
a Ключевые слова тема города
610 Ключевые слова __
a Ключевые слова современная проза
610 Ключевые слова __
a Ключевые слова малая проза
686 Индексы других классификаций __
2 Код системы rubbks
a Классификационный индекс 84(2=411.2)6-4; ст84(2=411.2)6-4
700 Автор _1
a Фамилия Матвеева
b Имя А. А.
f Даты 1972-
g Полное личное имя Анна Александровна
4 Код отношения 070
801 Источник записи _0
a Страна RU
b Организация ГПНТБ России
c Дата составления 20201029
g Правила каталогизации PSBO
801 Источник записи _2
a Страна RU
b Организация Муниципальное бюджетное учреждение культуры "Централизованная библиотечная система" г. Сургут (Центральная городская библиотека им. А. С. Пушкина)
c Дата составления 20201029
852 Данные о местонахождении __
j Шифр хранения 84(2=411.2)6-4
i Авторский знак М 33
901 Тип документа __
a Ответственный КиК/Котельникова
t Тип документа x
903 Характеристики (МАРС) __
a Дата передачи 20201030
911 __
u 336a=Текст
911 __
u 337a=непосредственный
990 Данные о заказе (DOS) __
j Количество экземпляров (DOS) 7
t N записи в КСУ для И/У (DOS) 202011